00942nam a2200265 a 450000100060000000300080000600500170001400800410003102000230007203500190009503500110011404000250012504100080015008200220015824500910018026000520027130000640032350000470038750400510043460000550048565000120054065000290055270000300058170000650061163150BD-RjUL20211209081150.0170128s1982 hiuaf b s001 0 eng d a0824807936c$30.00 a(BD-RjUL)63278 a210220 aLCbengcLCdABN-SNR aeng14a895.623bCHU 198200aChushingura :bstudies in kabuki and the puppet theater /cedited by James R. Brandon. aHonolulu :bUniversity Press of Hawaii,cc1982. axii, 231 p., [8] p. of plates :bill. (some col.) ;c25 cm. aIncludes text of: The Forty-seven samurai. aIncludes bibliographical references and index.10aTakeda, Izumo,d1691-1756.tKanadehon Chushingura. 0aKabuki. 0aPuppetszJapanxHistory.1 aBrandon, James R.,d1927-1 aTakeda, Izumo,d1691-1756.tKanadehon Chushingura.lEnglish.